LEADER 00993nam 2200337 450 001 9910160718303321 005 20230705171817.0 010 $a3-8452-7897-8 035 $a(CKB)3710000000966619 035 $a(NjHacI)993710000000966619 035 $a(EXLCZ)993710000000966619 100 $a20230705d2016 uy 0 101 0 $ager 135 $aur||||||||||| 181 $ctxt$2rdacontent 182 $cc$2rdamedia 183 $acr$2rdacarrier 200 10$aLegale Illegalita?t $eU?berlegungen zur Abschaffungsreife der §§ 113-114 StGB /$fJan Fallack 210 1$aBaden-Baden :$cNomos Verlagsgesellschaft mbH & Co. KG,$d2016. 215 $a1 online resource (313 pages) 311 $a3-8487-3586-5 606 $aAbolitionists 615 0$aAbolitionists. 676 $a322.440973 700 $aFallack$b Jan$01370210 801 0$bNjHacI 801 1$bNjHacl 906 $aBOOK 912 $a9910160718303321 996 $aLegale Illegalita?t$93397802 997 $aUNINA